00618cam a22002171 4500001001300000003000400013005001700017008004100034010001700075035002000092040001800112042001200130050002200142100001900164245009800183260004700281300001800328650001400346650002300360999001700383sa 68015595 DLC20260227112644.0890108q19601968io 000 0 ind  asa 68015595  a(OCoLC)23554785 aDLCcMiUdDLC apremarc00aHF5415.12.I6bP351 aPanglaykim, J.10aKetiga sektor dalam organisasi marketing Indonesia, management perusahaan negara di Indonesia a[Djakarta?]bBinakawan Study Clubc[196-?] a67 l.c22 cm. 0aMarketing 0aBudget in business c86546d86546